000 00596nam a22002297a 4500
003 OSt
005 20140310183001.0
008 130208t xxu||||| |||| 00| 0 eng d
020 _a9715740219
050 _aBF121
_b.B982 1999
082 _aPSY-FIL 150
_b .B96 1999
245 _aIntroduction to psychology
_cBustos, Alicia S.
250 _a3rd ed.
260 _aQuezon City
_bc1999
_cKatha Pub.
300 _axi, 356 p. : ill.
_c26 cm.
521 _acollege students
526 _c1210L-1700L
541 _j1
541 _j2
562 _e2
942 _2lcc
_cBK
_kPSYCH-FIL
999 _c18110
_d18110